000 00737nam a22002297a 4500
005 20170124105930.0
010 _aB-019330
020 _c00.00
_a8173913412
035 _aB-019330
037 _bCen Lib/Ret
040 _aDPL
_bEN
082 _a327.5405490
_bIND
245 _aIndia-nepal partnership and south asian resurgence /
_cedited by M.D. Dharamdasani
260 _aNew Delhi
_bKanishka Publishers
_c2000
270 _a4697/5-21A, ansari road
_bNew Delhi
_e110002
300 _axvi, 184p.
_c21cm(Hb)
500 _aIncludes index
650 _aForeign relation--India-Nepal
_973084
650 _aEconomic factors
_973085
700 _aDharamdasani, M.D.
_98049
942 _2ddc
_cEN
_h327.5405490
_mIND
999 _c123790
_d123790